000 00294nam a22001217a 4500
082 _a001
_bBLA/W
100 _aBECKWITH,YVONNE
245 _aTHE WORLD AND ITS WONDERS
260 _aCHICAGO
_bSTANDARD EDUCATIONAL CORPORATION
300 _a186
650 _aGENERAL KNOWLEDGE
_zCHICAGO
942 _cBK
999 _c3083
_d3083